| 000 | 00000nam##2200000za#4500 |
| 001 | 9.700332 |
| 003 | CaOODSP |
| 005 | 20210625000804 |
| 007 | cr ||||||||||| |
| 008 | 150407|2013||||xxc|||||o f|0| 0 eng|d |
| 040 | |aCaOODSP|beng |
| 043 | |an-cn--- |
| 086 | 1 |aHP5-117/2013E-PDF |
| 110 | 2 |aPublic Health Agency of Canada. |
| 245 | 10|aRoots of resilience : |h[electronic resource]|bovercoming inequities in Aboriginal communities / |c[published by the] Canadian Council on Social Determinants of Health. |
| 260 | |aOttawa - Ontario : |bPublic Health Agency of Canada |cDecember 12, 2013. |
| 300 | |a39p.|breferences |
| 590 | |a15-02-Supp|b2015-02-16 |
| 690 | 07|aIndigenous peoples|2gcpds |
| 690 | 07|aHealth indicators|2gcpds |
| 775 | 08|tLes racines de la résilience : |w(CaOODSP)9.644230 |
| 856 | 40|ahttp://publications.gc.ca|qPDF|s232 KB|uhttps://publications.gc.ca/collections/collection_2015/aspc-phac/HP5-117-2013-eng.pdf |